Statistics for Sports Person to Country

Click here to take the quiz!

General Stats

  • This quiz has been taken 54 times
  • The average score is 20 of 37

Answer Stats

SportspersonAnswer% Correct
Usain BoltJamaica
96%
Cristiano RonaldoPortugal
91%
Lionel MessiArgentina
91%
Rafael NadalSpain
87%
Neymar JuniorBrazil
87%
Maria SharapovaRussia
85%
Thomas MullerGermany
81%
Novak DjokovicSerbia
81%
Wayne GretzkyCanada
79%
Zlatan IbrahimovicSweden
79%
Keisuke HondaJapan
74%
Javier HernandezMexico
72%
Eden HazardBelgium
70%
James RodriguezColombia
68%
Michael Van GerwenNetherlands
68%
Manny PacquiaoPhilippines
66%
Tom BradyUnited States
66%
Paul PogbaFrance
66%
Shane WatsonAustralia
60%
Lin DanChina
53%
Dan CarterNew Zealand
51%
Burak YilmazTurkey
49%
Vincenzo NibaliItaly
47%
Mo FarahUnited Kingdom
45%
MS DhoniIndia
45%
Caster SemenyaSouth Africa
43%
Shahid AfridiPakistan
38%
David RudishaKenya
32%
Miguel CabreraVenezuela
30%
Frank SchleckLuxembourg
26%
Jose AbreuCuba
23%
Shahin NasiriniaIran
17%
Jonathan PitroipaBurkina Faso
15%
Liliyana NatsirIndonesia
9%
Dan CravenNamibia
6%
Marco SoaresCape Verde
6%
Mystery Nation for fun!Malta
2%

Score Distribution

Percentile by Number Answered

Percent of People with Each Score

Your Score History

You have not taken this quiz